000
00250nam a2200109Ia 4500
008
220204s9999 xx 000 0 und d
082
_a
82-3
_b
SMI
100
_a
Smith, Hedrick
245
4
_a
The Russians
260
_a
London
_b
Sphere
_c
1976
942
_c
BK
999
_c
31065
_d
31065